| 000 | 00875nam a22002417a 4500 | ||
|---|---|---|---|
| 999 |
_c15240 _d15240 |
||
| 003 | AR-CdUCM | ||
| 008 | 190426b ||||| |||| 00| 0 spa d | ||
| 020 | _a978-607-404-276-4 | ||
| 040 |
_aMUNICIPALIDAD PROVINCIAL DEL CUSCO _cBIBLIOTECA MUNICIPAL DEL CUSCO |
||
| 082 |
_aPI / 800 / _bD82 |
||
| 110 |
_aDisney enterprises _932870 |
||
| 245 | _aColección princesas / | ||
| 260 |
_aMexico : _bAdvanced marketing, _c2013. |
||
| 300 |
_a151 paginas ; _bIlustraciones, _c22 cm. |
||
| 500 | _aTitulo original : Princess collection | ||
| 505 | _aCoontenido : La sirenita -- Cenicienta -- La bella durmiente -- Aladín -- Pocahontas... | ||
| 650 |
_aCuentos para niñas (os) _933717 |
||
| 650 |
_aCuentos de princesas _934283 |
||
| 650 |
_aLiteratura infantil _9588 |
||
| 700 |
_aMoral, Susana de (Traducción) _934284 |
||
| 942 |
_2ddc _cLIBROS |
||
| 945 |
_awnts _d2019-04-26 |
||